Advantage english : (Record no. 39240)

MARC details
000 -LEADER
fixed length control field 00788nam a22002057a 4500
005 - DATE AND TIME OF LATEST TRANSACTION
control field 20100804141522.0
010 ## - LCCN (DPL NO)
LC control number ENG-98050
020 ## - INTERNATIONAL STANDARD BOOK NUMBER
International Standard Book Number 9788125037767
Terms of availability 100.00
035 ## - SYSTEM CONTROL NUMBER
System control number EN-81583
037 ## - SOURCE OF ACQUISITION
Source of stock number/acquisition DBAD/PUB
082 ## - DEWEY DECIMAL CLASSIFICATION NUMBER
Classification number 480
245 ## - TITLE STATEMENT
Title Advantage english :
Remainder of title for student of U.G general english I year nizam college, osmania university, A.P., (India) /
Statement of responsibility, etc edited by B Yadava Raju [and] C Muralikrishna
260 ## - PUBLICATION, DISTRIBUTION, ETC. (IMPRINT)
Place of publication, distribution, etc Hyderabad
Name of publisher, distributor, etc Orient Blackswan
Date of publication, distribution, etc 2009
270 ## - ADDRESS
Address 3-6-752 Himayatnagar, Hyderabad
City Hyderabad
Postal code 500029
300 ## - PHYSICAL DESCRIPTION
Extent xi,188p.
Dimensions 21cm (pbk)
700 ## - ADDED ENTRY--PERSONAL NAME
Personal name B Yadava Raju
9 (RLIN) 6073
700 ## - ADDED ENTRY--PERSONAL NAME
Personal name C Muralikrishna
9 (RLIN) 6074
942 ## - ADDED ENTRY ELEMENTS (KOHA)
Source of classification or shelving scheme Dewey Decimal Classification
Item type English Books
Classification part 480
Call number suffix ADV
Holdings
Withdrawn status Lost status Not for loan Collection code Home library Current library Date acquired Source of acquisition Cost, normal purchase price Full call number Barcode Copy number Cost, replacement price Koha item type
    Not For Loan Non-fiction D.B.Act.Division D.B.Act.Division 04/08/2010 DBAD/PUB 100.00 480 ADV EN-81583 1 100.00 English Books

© Delhi Public Library
Hit Counter
free hit counter